000
00273nam a2200121Ia 4500
005
20251222155140.0
008
251222s9999||||xx |||||||||||||| ||spa||
082
_a
ESC. 21
100
_a
OMS.
245
0
_a
Manual Para Personal de Salud
264
_b
OPS/OMS
942
_c
LIB
999
_c
39135
_d
39135